El desafío sociológico hoy (Registro nro. 314030)
[ vista simple ]
| 000 -ENCABEZADO | |
|---|---|
| Número de control [NR] | 00829 a2200241 4500 |
| 005 - FECHA Y HORA DE LA ÚLTIMA TRANSACCIÓN | |
| control field | 20190805115206.0 |
| 008 - DE LONGITUD FIJA DE DATOS DE ELEMENTOS - INFORMACIÓN GENERAL | |
| Elementos de longitud fija [NR] | 190805s2017 sp ||||| |||| 00| 0 spa d |
| 020 ## - NUMERO INTERNACIONAL NORMALIZADO PARA LIBROS [R] | |
| Número Internacional Normalizado del libro [NR] | 9788474767377 |
| 040 ## - FUENTE DE CATALOGACION [NR] | |
| Agencia de catalogación original [NR] | CO-BoUCM |
| Idioma de catalogación [NR] | spa |
| Quien Cataloga | Saul Niño |
| Quien Clasifica | Saul Niño |
| 041 0# - CODIGO DE IDIOMA [R] | |
| Código de idioma para texto/pista de sonido o título separado [R] | Español |
| 100 10 - ASIENTO PRINCIPAL--NOMBRE PERSONAL [NR] | |
| Nombre personal [NR] | Martuccelli, Danilo |
| ID Autoridad | 95323 |
| 245 13 - MENCION DE TITULO [NR] | |
| Título [NR] | El desafío sociológico hoy |
| Parte restante del título [NR] | individuos y retos sociales |
| Mención de responsabilidad, etc. [NR] | Danilo Martuccelli, José Santiago |
| 260 ## - PUBLICACION, DISTRIBUCION, ETC. (PIE DE IMPRENTA) [R] | |
| Lugar de publicación, distribución, etc. [R] | Madrid |
| Nombre del editor, distribuidor, etc. [R] | Centro de Investigaciones Sociológicas |
| Fecha de publicación, distribución, etc. [R] | 2017 |
| 300 ## - DESCRIPCION FISICA [R] | |
| Extensión [R] | 227 páginas |
| 490 0# - MENCION DE SERIE [R] | |
| Mención de serie [R] | CIS |
| Designación numérica/secuencial del volumen [NR] | 305 |
| 546 ## - NOTA DE IDIOMA [R] | |
| Nota de idioma [NR] | Textos en inglés |
| 650 #7 - ASIENTO SECUNDARIO DE MATERIA - TERMINO TEMATICO [R] | |
| 9 (RLIN) | 15153 |
| Término temático o nombre geográfico como elemento de entrada [NR] | Estructura social |
| 650 #7 - ASIENTO SECUNDARIO DE MATERIA - TERMINO TEMATICO [R] | |
| 9 (RLIN) | 17356 |
| Término temático o nombre geográfico como elemento de entrada [NR] | Individuación |
| Subdivisión general [R] | Aspectos sociales |
| 650 #7 - ASIENTO SECUNDARIO DE MATERIA - TERMINO TEMATICO [R] | |
| 9 (RLIN) | 24774 |
| Término temático o nombre geográfico como elemento de entrada [NR] | Sociología cultural |
| 650 #7 - ASIENTO SECUNDARIO DE MATERIA - TERMINO TEMATICO [R] | |
| 9 (RLIN) | 386 |
| Término temático o nombre geográfico como elemento de entrada [NR] | Sociología |
| 942 ## - ELEMENTOS DE ENTRADA AGREGADOS (KOHA) | |
| Tipo de ítem principal el descrito en 300a | Libro |
| Sistema de clasificación | DEWEY |
| Tema principal | Sociología |
| Edición | 1 |
| Clasificación | 302.5 |
| Parte restante de la signatura top. | M387s |
| Fecha de último préstamo | Total préstamos | Total Renewals | Signatura topográfica | Código de barras | Última vez visto | Ejemplar | Costo de reposición | Price effective from | Tipo de ítem | Perdido | Sistema de clasificación | Dañado | No prestable | Tipo de ítem específico | Suprimido | Ubicación habitual | Ubicación actual | Localización | Fecha de creación | Proveedor | Forma de adquisición | Costo |
|---|---|---|---|---|---|---|---|---|---|---|---|---|---|---|---|---|---|---|---|---|---|---|
| 08/11/2024 | 10 | 12 | 302.5 M387s | 100162645 | 09/12/2025 | Ej.1 | 195213.00 | 02/08/2019 | Libro | DEWEY | Libro | Claustro | Claustro | 2do piso | 02/08/2019 | 37 | Compra | 195213.00 |